Freguesias de Portugal com "Rio" no nome - Statistics

Estatísticas Gerais
  • Esse quiz foi jogado 27 vezes
  • A pontuação média é 14 de 33
Estatísticas das Respostas
Freguesias Do município de % Correto
Rio {Tinto} Esposende
94%
Rio {Tinto} Gondomar
94%
Rio de {Mouro} Sintra
65%
Rio {Maior} Rio Maior
65%
{Póvoa} de Rio de {Moinhos} Castelo Branco
53%
Rio de {Moinhos} Abrantes
53%
Rio de {Moinhos} Aljustrel
53%
Rio de {Moinhos} Arcos de Valdevez
53%
Rio de {Moinhos} Borba
53%
Rio de {Moinhos} Penafiel
53%
Rio de {Moinhos} Sátão
53%
{Entre Ambos}-{os}-Rios Ponte da Barca
47%
Rio {Covo} Barcelos
47%
Rio de {Mau} Penafiel
47%
Rio de {Mau} Vila do Conde
47%
Rio {Frio} Arcos de Valdevez
47%
Rio {Frio} Bragança
47%
Rio {Cabrão} Arcos de Valdevez
41%
Rio de {Onor} Bragança
41%
Rio {Caldo} Terras de Bouro
35%
Rio {Douro} Cabeceiras de Basto
35%
{Cambeses} do Rio Montalegre
29%
{Covas} do Rio São Pedro do Sul
29%
Rio de {Loba} Viseu
29%
Rio {Meão} Santa Maria da Feira
29%
Rio {Torto} Abrantes
29%
Rio {Torto} Gouveia
29%
Rio {Torto} Valpaços
29%
Rio de {Couros} Ourém
18%
Rio de {Mel} Trancoso
18%
Rio {Seco} Almeida
18%
Rio {Vide} Miranda do Corvo
18%
{Vales} do Rio Covilhã
18%
Nenhum quiz correspondente encontrado
Distribuição das Pontuações
Porcentagem de Pessoas com Cada Pontuação
Percentil de Números Respondidos
Sua Pontuação Histórica
Você não jogou esse quiz